000 00994nam a2200229Ia 4500
001 14743
005 20260406164017.0
008 260306t2014||||xx |||||||||||||| ||spa||
041 _aESP
082 _a519
_bS75
100 _aSpiegel, Murray R.
_eAUT
245 0 _aFórmulas y tablas de matemática aplicada
260 _c2014
300 _aviii, 295 páginas :
_c27 cm.
650 _aGEN
654 _aCMA
856 _uhttps://itmsp.museknowledge.com/UCSP?url=https://www.ebooks7-24.com:443/?il=10329&pg=1
_zVersión digital (2020)
856 _uhttps://0u213vceb-y-https-ebooks7--24-com.itmsp.museknowledge.com/biblioteca.aspx
_zVéase además: Base de datos Ebook7-24
856 _uhttps://0u20fvcef-y-https-research-ebsco-com.itmsp.museknowledge.com/c/qxo6us/search
_zVéase además: Base de datos EBSCOhost
856 _uhttps://0u21dvcg5-y-https-ebooks-editorialmacro-com.itmsp.museknowledge.com/library
_zVéase además: Base de datos Macro Digital
942 _cLIB
_dJUS
_fJUS
_2ddc
999 _c14743
_d14743